Najpopularniejsze nazwiska w Polsce A-Z - Statystyki

Ogólne statystyki
  • Ten quiz został rozwiązany 119 razy
  • Średni wynik to 6 z 27
Statystyki odpowiedzi
Litera Odpowiedź Liczba Osób % Poprawnych
K Kowalski/Kowalska 137 981
95%
N Nowak 203 980
95%
L Lewandowski/Lewandowska 92 903
51%
W Wiśniewski/Wiśniewska 109 896
51%
A Adamczyk 46 947
38%
D Dąbrowski/Dąbrowska 86 980
36%
Z Zieliński/Zielińska 90 658
36%
P Piotrowski/Piotrowska 60 986
29%
J Jankowski/Jankowska 68 629
25%
S Szymański/Szymańska 88 381
22%
Ż Żak 19 269
22%
T Tomaszewski/Tomaszewska 40 032
20%
G Grabowski/Grabowska 58 100
18%
B Baran 41 771
16%
O Olszewski/Olszewska 47 934
16%
U Urbański/Urbańska 24 523
13%
M Mazur 68 119
9%
C Chmielewski/Chmielewska 30 162
8%
F Filipiak 9 417
6%
I Iwański/Iwańska 6 011
6%
Ł Łuczak 17 490
6%
R Rutkowski/Rutkowska 43 672
5%
E Ejsmont 1 591
3%
Ś Śliwiński/Śliwińska 17 407
3%
Ć Ćwikliński/Ćwiklińska 4 558
1%
Ź Źrebiec 333
1%
H Hajduk 9 645
0%
Nie znaleziono quizów pasujących do podanych kryteriów
Rozkład punktacji
Procent ludzi z każdym wynikiem
Percentyl według liczby udzielonych odpowiedzi
Twoja historia wyników
Nie rozwiązałeś tego quizu